Dr. Milan Hodža (1878.-1. veljače-1938.) život i rad Dra Milana Hodže, Hodža i Hrvati

Bibliographic Details
Main Author: Esih, Ivan, 1898-1966 (Author)
Other Authors: Resl, František (Author of introduction, etc.)
Format: Book
Language:Croatian
PhysicalDescription:22 strán fotografie 21 cm
Published: Zagreb Tipografija 1938
Subjects:

MARC

LEADER 00000cam a2200000 a 4500
001 vtls001162285
003 SK-MaSNL
005 20260301002337.0
008 240729s1938 ci o grh 00000bhrv
015 |a SNBA1938/01 
020 |q (brožované) 
035 |a SNK000105195 
040 |a SNK  |b slo  |c SNK  |e AACR2 
041 0 |a scr 
044 |a ci  |c HR 
072 7 |a 929  |x Biografie  |2 konspekt 
072 7 |a 32  |x Politika  |2 konspekt 
080 |a 32-051  |2 2011 
080 |a 341.71-055.1  |2 2011 
080 |a 929(092)  |2 2011 
100 1 |a Esih, Ivan,  |d 1898-1966  |4 aut  |9 190891 
245 1 0 |a Dr. Milan Hodža (1878.-1. veljače-1938.)  |b život i rad Dra Milana Hodže, Hodža i Hrvati  |c Ivan Esih ; s predgovorom generalnog konzula čehoslovačke republike u Zagrebu G. Dra Františka Resla 
260 |a Zagreb  |b Tipografija  |c 1938 
300 |a 22 strán  |b fotografie  |c 21 cm 
600 1 7 |a Hodža, Milan,  |d 1878-1944  |2 SNKMA  |9 184939 
650 0 7 |a politici  |2 SNKPH  |9 2679 
650 0 7 |a štátnici  |2 SNKPH  |9 4131 
650 0 7 |a diplomati  |2 SNKPH  |9 2220 
655 7 |a biografie  |2 SNKPH  |9 27965 
700 1 |a Resl, František  |4 aui  |9 281976 
852 |a Slovenská národná knižnica 
954 |a odborná, vedecká literatúra cudzojazyčná (svetová)  |2 lita 
958 |a EUIPO 
958 |a RK 
958 |a TL 
958 |a OND 
958 |a BX 
999 |c 537112  |d 539042 
952 |a SNK  |b SNK  |y PREZ  |7 0  |p 17A0714148  |o snkSC 164  |i snk1735/38  |0 0  |1 0  |4 0  |d 2011-11-10  |f 1  |l 0  |r 2025-05-27 00:00:00  |w 2026-02-23 
952 |a SNK  |b SNK  |y VYP  |7 0  |p 17A0229831  |o snkSC 164 D1  |i snkK 461/64  |8 3  |0 0  |1 0  |4 0  |d 2000-02-25  |l 0  |r 2005-01-01 00:00:00  |w 2026-02-23 
952 |a SNK  |b SNK  |y VYP  |7 0  |p 17A0652179  |o snkSC 164 D2  |i snkK 849/64  |8 3  |0 0  |1 0  |4 0  |d 2010-03-22  |l 0  |r 2026-02-23 12:28:41  |w 2026-02-23